Statistics for US States with the Lowest Age Requirement to be Governor

Click here to take the quiz!

General Stats

  • This quiz has been taken 19 times
  • The average score is 5 of 8

Answer Stats

Age State % Correct
NoneVermont
88%
18California
82%
21South Dakota
71%
18Washington
65%
18Rhode Island
53%
18Ohio
47%
18Wisconsin
47%
20Mississippi
35%

Score Distribution

Percentile by Number Answered

Percent of People with Each Score

Your Score History

You have not taken this quiz